000 00381nam a2200169Ia 4500
008 210210b1948 xxu||||| |||| 00| 0 eng d
041 _aeng
082 _a821/63
100 _aBROWN (S J)
245 _aRealm of poetry
260 _aLondon
_bMacmillan & Co. Ltd.
_c1948
650 _aRealm
650 _apoetry
650 _aof
690 _aEnglish Poetry
906 _a011232
999 _c129900
_d129900